Teórie hospodárskeho rastu

Na minha lista:
Detalhes bibliográficos
Autor principal: Korček, Ľudovít
Autor Corporativo: Ekonomická univerzita v Bratislave. Národohospodárska fakulta
Formato: Livro
Idioma:eslovaco
Publicado em: Bratislava EU 1993
Edição:1. vyd.
Assuntos:
Tags: Adicionar Tag
Sem tags, seja o primeiro a adicionar uma tag!

MARC

LEADER 00000nam a2200000 4500
001 c003970
005 20221214083025.2
020 |a 80-225-0486-6 
041 0 |a slo 
044 |a SK 
245 1 0 |a Teórie hospodárskeho rastu  |c Ľudovít Korček a kol. 
250 |a 1. vyd. 
264 1 |a Bratislava  |b EU  |c 1993 
300 |a 172 s. 
610 2 0 |a teórie rastu hospodárskeho 
610 2 0 |a teória rovnováhy ekonomickej 
610 2 0 |a rast hospodársky 
610 2 0 |a hospodárstvo trhové 
610 2 0 |a vývoj hospodársky 
610 2 0 |a keynesizmus 
610 2 0 |a veda ekonomická 
610 2 0 |a problémy globálne 
100 1 |a Korček, Ľudovít 
710 2 |a Ekonomická univerzita v Bratislave. Národohospodárska fakulta